[Event "Budapest FS04 U2250"]
[Site "Budapest"]
[Date "2024.04.15"]
[Round "9"]
[White "Vegvari, Ferenc"]
[Black "Farago, Sandor"]
[Result "0-1"]
[WhiteElo "1680"]
[BlackElo "2034"]
[PlyCount "52"]
[EventDate "2024.04.06"]
[EventType "tourn"]
[EventRounds "9"]
[EventCountry "HUN"]
[SourceTitle "CB18_2024"]
[SourceDate "2024.05.01"]
[SourceVersion "1"]
[SourceVersionDate "2024.05.01"]
[SourceQuality "2"]

1. d4 Nf6 2. Nf3 c5 3. Bf4 cxd4 4. Qxd4 Nc6 5. Qd1 Qb6 6. b3 g6 7. e3 Bg7 8. Nbd2 Nh5 9. Rb1 Nxf4 10. exf4 Qc7 11. g3 Nb4 12. c4 Nxa2 13. Qc2 Nb4 14. Qd1 d6 15. Bg2 Bf5 16. 0-0 Bxb1 17. Qxb1 0-0 18. h4 Qd7 19. Ng5 h6 20. Bh3 f5 21. Ndf3 hxg5 22. hxg5 e5 23. Nh4 Qe6 24. Qe1 Nd3 25. Qe3 e4 26. Nf3 d5 0-1

[Event "Budapest FS04 U2250"]
[Site "Budapest"]
[Date "2024.04.06"]
[Round "1"]
[White "Hradeczky, Tamas"]
[Black "Vegvari, Ferenc"]
[Result "1-0"]
[WhiteElo "1832"]
[BlackElo "1680"]
[PlyCount "65"]
[EventDate "2024.04.06"]
[EventType "tourn"]
[EventRounds "9"]
[EventCountry "HUN"]
[SourceTitle "CB18_2024"]
[SourceDate "2024.05.01"]
[SourceVersion "1"]
[SourceVersionDate "2024.05.01"]
[SourceQuality "2"]

1. d4 d5 2. Nf3 e6 3. c4 f5 4. g3 Nf6 5. Bg2 c6 6. 0-0 Bd6 7. Nc3 0-0 8. Bg5 Nbd7 9. Rc1 a5 10. Nd2 Qe8 11. e3 Ng4 12. Bf4 Bxf4 13. exf4 Qh5 14. h3 Ngf6 15. Qxh5 Nxh5 16. Rfe1 Ndf6 17. cxd5 exd5 18. Bf3 g6 19. Na4 Ng7 20. Re7 Ne4 21. Nb3 Ne6 22. Nb6 a4 23. Nxa8 axb3 24. a3 Nxd4 25. Kg2 Nd2 26. Be2 b5 27. Nb6 Nc4 28. Bxc4 bxc4 29. Rce1 Ba6 30. Ra7 Nc2 31. Ree7 Rf6 32. Rg7+ Kf8 33. Rxh7 1-0

[Event "Budapest FS03 FM-2"]
[Site "Budapest"]
[Date "2024.03.18"]
[Round "5"]
[White "Aadhya, V."]
[Black "Vegvari, Ferenc"]
[Result "1-0"]
[WhiteElo "1714"]
[BlackElo "1698"]
[PlyCount "35"]
[EventDate "2024.03.14"]
[EventType "tourn"]
[EventRounds "9"]
[EventCountry "HUN"]
[SourceTitle "CB15_2024"]
[SourceDate "2024.04.10"]
[SourceVersion "1"]
[SourceVersionDate "2024.04.10"]
[SourceQuality "1"]

1. d4 d5 2. c4 e6 3. Nc3 f5 4. Nf3 Nf6 5. Bf4 c6 6. e3 Qa5 7. Bd3 Ne4 8. Qc2 Bb4 9. 0-0 Bxc3 10. bxc3 Nxc3 11. cxd5 Nxd5 12. Be5 0-0 13. e4 Nb4 14. Qd2 Qa3 15. Qg5 Rf7 16. Bxg7 Rxg7 17. Qd8+ Kf7 18. Ne5# 1-0

[Event "Fejer County-ch"]
[Site "Fejer Region"]
[Date "2016.11.20"]
[Round "7"]
[White "Vegvari, Ferenc"]
[Black "Sarok, Peter"]
[Result "0-1"]
[WhiteElo "1693"]
[BlackElo "2161"]
[PlyCount "56"]
[EventDate "2016.11.05"]
[EventType "swiss"]
[EventRounds "7"]
[EventCountry "HUN"]
[SourceTitle "EXT 2018"]
[Source "ChessBase"]
[SourceDate "2017.10.13"]
[SourceVersion "1"]
[SourceVersionDate "2017.10.13"]
[SourceQuality "1"]

1. d4 d5 2. Nf3 Nf6 3. Bf4 c5 4. e3 Nc6 5. c3 Qb6 6. Qc1 Bf5 7. Nbd2 e6 8. Be2 Rc8 9. 0-0 Be7 10. Be5 0-0 11. a3 h6 12. dxc5 Qxc5 13. Nb3 Qb6 14. Nbd4 Nxe5 15. Nxe5 Bh7 16. h4 Qc7 17. f4 Ne4 18. Qe1 Qd8 19. g3 Qd6 20. Bg4 Nc5 21. Qd2 Bf6 22. Nb5 Qb6 23. a4 Bxe5 24. fxe5 Nb3 25. Qf2 Nxa1 26. Rxa1 Rc4 27. Be2 Re4 28. a5 Qxe3 0-1

[Event "Budapest Spring op"]
[Site "Budapest"]
[Date "2016.03.25"]
[Round "7"]
[White "Haslinger, Ewald"]
[Black "Vegvari, Ferenc"]
[Result "1-0"]
[WhiteElo "1662"]
[BlackElo "1759"]
[PlyCount "109"]
[EventDate "2016.03.18"]
[EventType "swiss"]
[EventRounds "9"]
[EventCountry "HUN"]
[SourceTitle "CBM 171 Extra"]
[Source "ChessBase"]
[SourceDate "2016.04.26"]
[SourceVersion "1"]
[SourceVersionDate "2016.04.26"]
[SourceQuality "1"]

1. e4 c5 2. d4 cxd4 3. c3 d3 4. c4 e5 5. Bxd3 Bc5 6. Nc3 h6 7. Nf3 d6 8. h3 Nf6 9. 0-0 0-0 10. Na4 Nc6 11. Nxc5 dxc5 12. a3 Be6 13. Be3 b6 14. Qc1 Qxd3 15. Nd2 Nd4 16. Bxd4 Qxd4 17. Qc2 Qd7 18. f4 Qd4+ 19. Kh2 exf4 20. Rxf4 Qe5 21. g3 Nh5 22. Rf3 f5 23. Kg2 fxe4 24. Re3 Bxh3+ 25. Kxh3 Rf2 26. Qxe4 Qxe4 27. Nxe4 Rxb2 28. Rf1 Rf8 29. Rxf8+ Kxf8 30. Rf3+ Ke7 31. Re3 Kd7 32. Rd3+ Kc7 33. Nd6 Nf6 34. Nf5 Ne4 35. Re3 Ng5+ 36. Kg4 g6 37. Nxh6 Rc2 38. Kxg5 Rxc4 39. Kxg6 Rc1 40. Re7+ Kc6 41. Rxa7 c4 42. Nf5 Rg1 43. Nd4+ Kc5 44. Ne2 Rg2 45. Re7 Kb5 46. Nc3+ Kc5 47. Re3 Kd4 48. Rf3 Rd2 49. Kf5 Rd3 50. Nb5+ Kc5 51. Rxd3 cxd3 52. Nc3 Kd4 53. Ne4 Kc4 54. g4 Kb3 55. g5 1-0

[Event "Budapest Spring op"]
[Site "Budapest"]
[Date "2016.03.23"]
[Round "5"]
[White "Llopis de Aysa, Manuel"]
[Black "Vegvari, Ferenc"]
[Result "1-0"]
[WhiteElo "2068"]
[BlackElo "1759"]
[PlyCount "71"]
[EventDate "2016.03.18"]
[EventType "swiss"]
[EventRounds "9"]
[EventCountry "HUN"]
[SourceTitle "CBM 171 Extra"]
[Source "ChessBase"]
[SourceDate "2016.04.26"]
[SourceVersion "1"]
[SourceVersionDate "2016.04.26"]
[SourceQuality "1"]

1. d4 d5 2. c4 e6 3. Nc3 f5 4. Nf3 Nf6 5. Bf4 c6 6. e3 Qa5 7. Qb3 Bb4 8. Bd3 Ne4 9. Rc1 Nd7 10. 0-0 Ndf6 11. a3 Be7 12. Qc2 0-0 13. h3 Qd8 14. b4 dxc4 15. Bxc4 Nxc3 16. Qxc3 Nd5 17. Qb3 g5 18. Bh2 b5 19. Be2 Bb7 20. Ne5 Bd6 21. Nxc6 Bxh2+ 22. Kxh2 Qd6+ 23. Ne5 a6 24. Kg1 Nf6 25. Bf3 Ne4 26. Bxe4 Bxe4 27. Qc3 f4 28. Qc5 Qd8 29. Nc6 Qf6 30. Qe5 Bd3 31. Qxf6 Rxf6 32. Rfd1 Be2 33. Rd2 Bc4 34. e4 h5 35. Ne5 Rc8 36. Rdc2 1-0

[Event "Szekesfehervar-ch"]
[Site "Szekesfehervar"]
[Date "2014.09.13"]
[Round "1"]
[White "Sarok, Peter"]
[Black "Vegvari, Ferenc"]
[Result "1-0"]
[WhiteElo "2123"]
[BlackElo "1702"]
[PlyCount "73"]
[EventDate "2014.09.13"]
[EventType "swiss"]
[EventRounds "7"]
[EventCountry "HUN"]
[SourceTitle "EXT 2016"]
[Source "ChessBase"]
[SourceDate "2015.10.08"]
[SourceVersion "1"]
[SourceVersionDate "2015.10.08"]
[SourceQuality "1"]

1. e4 c5 2. Nf3 d6 3. Nc3 a6 4. a4 b6 5. g3 Bb7 6. d3 Nf6 7. Bg2 e6 8. 0-0 Be7 9. Re1 Nbd7 10. h3 0-0 11. Qe2 Qc7 12. Bd2 Rac8 13. Nh2 Ne5 14. f4 Nc6 15. Rac1 d5 16. e5 Nd4 17. Qf2 Nd7 18. Nf3 f5 19. Kh2 Nxf3+ 20. Bxf3 g5 21. Ne2 Kh8 22. c4 Rg8 23. cxd5 exd5 24. Nc3 d4 25. Nd5 Bxd5 26. Bxd5 Rg6 27. Re2 g4 28. hxg4 Rxg4 29. Be6 Rf8 30. Qf3 h5 31. Rh1 Kg7 32. Kg1 h4 33. Be1 Kg6 34. Rhh2 Kh5 35. Rhg2 Qd8 36. gxh4 Rfg8 37. Bxf5 1-0

[Event "Budapest Spring op 30th"]
[Site "Budapest"]
[Date "2014.03.21"]
[Round "8"]
[White "Vegvari, Ferenc"]
[Black "Wiman, Kenneth"]
[Result "0-1"]
[WhiteElo "1719"]
[BlackElo "1891"]
[PlyCount "112"]
[EventDate "2014.03.14"]
[EventType "swiss"]
[EventRounds "9"]
[EventCountry "HUN"]
[SourceTitle "CBM 159 Extra"]
[Source "ChessBase"]
[SourceDate "2014.04.24"]
[SourceVersion "1"]
[SourceVersionDate "2014.04.24"]
[SourceQuality "1"]

1. d4 Nf6 2. Nf3 e6 3. Bf4 c5 4. e3 Qb6 5. Qc1 Nc6 6. c3 d5 7. Bd3 Be7 8. Nbd2 Bd7 9. Ne5 Nxe5 10. dxe5 Nh5 11. Bg3 Bc6 12. 0-0 Nxg3 13. hxg3 Qc7 14. f4 0-0-0 15. a4 f5 16. Qb1 c4 17. Be2 Bc5 18. Rf3 g5 19. Nf1 g4 20. Rf2 h5 21. b4 cxb3 22. Qxb3 h4 23. Bb5 hxg3 24. Re2 Qh7 25. Nxg3 Qc7 26. Rd1 Qb6 27. c4 d4 28. a5 Qc7 29. a6 b6 30. exd4 Bxd4+ 31. Rxd4 Rxd4 32. Bxc6 Qxc6 33. c5 Rd5 34. cxb6 Qxb6+ 35. Qxb6 axb6 36. Rc2+ Rc5 37. Rd2 Rd8 38. Rb2 Kc7 39. Nh5 b5 40. Ng7 Kb6 41. Nxe6 Rd1+ 42. Kf2 Rc4 43. g3 Rdc1 44. Ng7 R1c2+ 45. Rxc2 Rxc2+ 46. Ke1 b4 47. Nxf5 Kxa6 48. Kd1 Rc3 49. Kd2 Rc5 50. Ne3 Kb5 51. e6 Kc6 52. f5 Kd6 53. Nc2 b3 54. Na3 Rxf5 55. Nb5+ Ke7 56. Kc3 Rxb5 0-1

[Event "Budapest Spring op 30th"]
[Site "Budapest"]
[Date "2014.03.15"]
[Round "2"]
[White "Pesola, Jyrki"]
[Black "Vegvari, Ferenc"]
[Result "1-0"]
[WhiteElo "1863"]
[BlackElo "1719"]
[PlyCount "37"]
[EventDate "2014.03.14"]
[EventType "swiss"]
[EventRounds "9"]
[EventCountry "HUN"]
[SourceTitle "CBM 159 Extra"]
[Source "ChessBase"]
[SourceDate "2014.04.24"]
[SourceVersion "1"]
[SourceVersionDate "2014.04.24"]
[SourceQuality "1"]

1. e4 c5 2. Nf3 d6 3. d4 cxd4 4. Nxd4 Nf6 5. Nc3 a6 6. Bg5 e6 7. f4 b5 8. e5 dxe5 9. fxe5 Qc7 10. Qe2 Nfd7 11. 0-0-0 Bc5 12. Ne4 Qxe5 13. Nf3 Qc7 14. Nxc5 Qxc5 15. Qe4 Qc6 16. Qh4 f6 17. Bd3 f5 18. Bxf5 Kf7 19. Be4 1-0

[Event "Fejer County-ch"]
[Site "Szekesfehervar"]
[Date "2012.03.18"]
[Round "7"]
[White "Banszegi, Attila"]
[Black "Vegvari, Ferenc"]
[Result "1-0"]
[WhiteElo "1964"]
[BlackElo "1787"]
[PlyCount "53"]
[EventDate "2012.03.15"]
[EventType "swiss"]
[EventRounds "7"]
[EventCountry "HUN"]
[SourceTitle "EXT 2019"]
[Source "ChessBase"]
[SourceDate "2018.10.10"]
[SourceVersion "1"]
[SourceVersionDate "2018.10.10"]
[SourceQuality "1"]

1. e4 c5 2. Nf3 d6 3. d4 cxd4 4. Nxd4 Nf6 5. Nc3 a6 6. f3 e6 7. Be3 b5 8. Qd2 Bb7 9. 0-0-0 Be7 10. g4 0-0 11. h4 Qd7 12. h5 Rc8 13. g5 b4 14. Nce2 Nxe4 15. fxe4 Bxe4 16. g6 f5 17. Rg1 e5 18. h6 f4 19. gxh7+ Kxh7 20. Rxg7+ Kh8 21. Nxf4 exf4 22. Bxf4 Qa4 23. Rxe7 Qxa2 24. Qxb4 Bxc2 25. Nxc2 Nc6 26. Qc3+ Ne5 27. Bxe5+ 1-0

[Event "Fejer County-ch"]
[Site "Szekesfehervar"]
[Date "2012.03.16"]
[Round "4"]
[White "Vegvari, Ferenc"]
[Black "Pais, Nimrod"]
[Result "0-1"]
[WhiteElo "1787"]
[BlackElo "2026"]
[PlyCount "60"]
[EventDate "2012.03.15"]
[EventType "swiss"]
[EventRounds "7"]
[EventCountry "HUN"]
[SourceTitle "EXT 2019"]
[Source "ChessBase"]
[SourceDate "2018.10.10"]
[SourceVersion "1"]
[SourceVersionDate "2018.10.10"]
[SourceQuality "1"]

1. d4 d6 2. Nf3 g6 3. Bf4 Bg7 4. h3 Nd7 5. Nbd2 c5 6. e3 Ngf6 7. Bc4 0-0 8. Qe2 a6 9. c3 b5 10. Bb3 Bb7 11. Bc2 Rc8 12. 0-0 Qb6 13. Bg5 Rfe8 14. Nh2 h6 15. Bxf6 Nxf6 16. f4 e6 17. g4 Nh7 18. Rf2 cxd4 19. Ne4 dxe3 20. Rf3 f5 21. gxf5 exf5 22. Bb3+ Kh8 23. Bf7 Bxe4 24. Rg3 Re7 25. Bxg6 d5 26. Bh5 Rg8 27. Nf1 Bf8 28. Rxg8+ Kxg8 29. Nxe3 Rg7+ 30. Kh2 Bc5 0-1

[Event "Fejer County-ch"]
[Site "Szekesfehervar"]
[Date "2012.03.15"]
[Round "1"]
[White "Huszar, Richard"]
[Black "Vegvari, Ferenc"]
[Result "1-0"]
[WhiteElo "2256"]
[BlackElo "1787"]
[PlyCount "105"]
[EventDate "2012.03.15"]
[EventType "swiss"]
[EventRounds "7"]
[EventCountry "HUN"]
[SourceTitle "EXT 2019"]
[Source "ChessBase"]
[SourceDate "2018.10.10"]
[SourceVersion "1"]
[SourceVersionDate "2018.10.10"]
[SourceQuality "1"]

1. d4 d5 2. Nc3 e6 3. e4 c6 4. f4 Bb4 5. e5 g6 6. a3 Be7 7. Nf3 f5 8. exf6 Bxf6 9. Bd3 Ne7 10. 0-0 0-0 11. Ne5 Nf5 12. Ne2 Qb6 13. Bxf5 exf5 14. Nc3 Be6 15. Na4 Qc7 16. Nc5 Bf7 17. b4 b6 18. Ncd3 Nd7 19. Be3 Rae8 20. g4 Be6 21. g5 Bg7 22. h4 Nxe5 23. fxe5 Bc8 24. Nf4 Ba6 25. Rf2 Bc4 26. h5 c5 27. hxg6 cxd4 28. gxh7+ Kxh7 29. Bxd4 Bxe5 30. Qh5+ Kg8 31. Rd1 Bxd4 32. Rxd4 Re1+ 33. Kg2 Qg7 34. Rfd2 Rfe8 35. g6 R1e4 36. c3 Rxf4 37. Rxf4 Re6 38. Qh7+ Qxh7 39. gxh7+ Kxh7 40. Rxf5 Kg6 41. Rf8 Re3 42. Rf3 Rxf3 43. Kxf3 Kf5 44. Ke3 Ke5 45. Rh2 Kd6 46. Kd4 Kc6 47. a4 Bb3 48. Rh6+ Kb7 49. Rh7+ Kb8 50. a5 bxa5 51. bxa5 a6 52. Kc5 Ba2 53. Kb6 1-0

[Event "Budapest FS09 FM-B"]
[Site "Budapest"]
[Date "2009.09.12"]
[Round "8"]
[White "Mayer, Istvan"]
[Black "Vegvari, Ferenc"]
[Result "1-0"]
[WhiteElo "2186"]
[BlackElo "1812"]
[PlyCount "37"]
[EventDate "2009.09.05"]
[EventType "tourn"]
[EventRounds "9"]
[EventCountry "HUN"]
[SourceTitle "CBM 132 Extra"]
[Source "ChessBase"]
[SourceDate "2009.11.03"]
[SourceVersion "1"]
[SourceVersionDate "2009.11.03"]
[SourceQuality "1"]

1. e4 c5 2. Nf3 d6 3. d4 cxd4 4. Nxd4 Nf6 5. Nc3 a6 6. Be2 b5 7. Bf3 e5 8. Nb3 Be6 9. g4 Be7 10. g5 Nfd7 11. Bg4 Bxb3 12. axb3 b4 13. Nd5 Bxg5 14. Bxg5 Qxg5 15. Nc7+ Ke7 16. Nxa8 Nf6 17. Bf3 Nc6 18. Nb6 Nd4 19. c3 1-0

[Event "Budapest Spring op 25th"]
[Site "Budapest"]
[Date "2009.03.25"]
[Round "6"]
[White "Vegvari, Ferenc"]
[Black "Zsembery, Aron"]
[Result "0-1"]
[WhiteElo "1870"]
[BlackElo "1732"]
[PlyCount "84"]
[EventDate "2009.03.20"]
[EventType "swiss"]
[EventRounds "9"]
[EventCountry "HUN"]
[SourceTitle "CBM 129 Extra"]
[Source "ChessBase"]
[SourceDate "2009.05.05"]
[SourceVersion "2"]
[SourceVersionDate "2009.05.20"]
[SourceQuality "1"]

1. d4 Nf6 2. Nf3 e6 3. Bf4 c5 4. e3 b6 5. Bd3 Bb7 6. Nbd2 d6 7. Qe2 Nbd7 8. 0-0-0 Be7 9. h4 cxd4 10. exd4 a6 11. h5 Nd5 12. g3 b5 13. c3 N7b6 14. Kb1 Rc8 15. Rc1 Rc7 16. c4 bxc4 17. Nxc4 Nxc4 18. Bxc4 Qa8 19. Bxd5 Rxc1+ 20. Rxc1 Bxd5 21. Nd2 0-0 22. Rc3 Rc8 23. Ra3 Qc6 24. Rc3 Qb7 25. Rxc8+ Qxc8 26. g4 f6 27. Bg3 e5 28. dxe5 dxe5 29. Bh4 Qe6 30. b3 a5 31. f3 Qc6 32. Ne4 Ba3 33. Qc2 a4 34. Qxc6 Bxc6 35. Be1 axb3 36. axb3 Bb5 37. Kc2 Be2 38. b4 Bxf3 39. Nd6 Bxg4 40. Bd2 Bxh5 41. Nc4 Bg6+ 42. Kb3 Bf7 0-1

[Event "Budapest Spring op 25th"]
[Site "Budapest"]
[Date "2009.03.22"]
[Round "3"]
[White "Szabo, Bence"]
[Black "Vegvari, Ferenc"]
[Result "1-0"]
[WhiteElo "2229"]
[BlackElo "1870"]
[PlyCount "51"]
[EventDate "2009.03.20"]
[EventType "swiss"]
[EventRounds "9"]
[EventCountry "HUN"]
[SourceTitle "CBM 129 Extra"]
[Source "ChessBase"]
[SourceDate "2009.05.05"]
[SourceVersion "2"]
[SourceVersionDate "2009.05.20"]
[SourceQuality "1"]

1. d4 d5 2. c4 e6 3. Nf3 f5 4. Nc3 Nf6 5. Bf4 Be7 6. e3 0-0 7. Bd3 c6 8. Qc2 Ne4 9. g4 Bb4 10. Ke2 g5 11. Bxe4 gxf4 12. Bd3 fxe3 13. fxe3 dxc4 14. Bxc4 Bxc3 15. bxc3 fxg4 16. Rhg1 Kh8 17. Rxg4 e5 18. Rg3 exd4 19. cxd4 Bf5 20. Qb2 Qf6 21. Qxb7 Nd7 22. Rag1 Rae8 23. Kd2 Be4 24. Qxd7 Rb8 25. Bb3 Bxf3 26. Rxf3 1-0

[Event "HUN-ch Seniors"]
[Site "Ajka"]
[Date "2004.04.09"]
[Round "3"]
[White "Parej, Jozsef"]
[Black "Vegvari, Ferenc"]
[Result "1-0"]
[WhiteElo "2098"]
[BlackElo "2046"]
[PlyCount "43"]
[EventDate "2004.04.08"]
[EventType "swiss"]
[EventRounds "7"]
[EventCountry "HUN"]
[SourceTitle "EXT 2008"]
[Source "ChessBase"]
[SourceDate "2007.11.25"]
[SourceVersion "1"]
[SourceVersionDate "2007.11.25"]
[SourceQuality "1"]

1. e4 c5 2. Nf3 d6 3. d4 cxd4 4. Nxd4 Nf6 5. Nc3 a6 6. f3 b5 7. Be3 Bb7 8. Be2 e6 9. Qd2 Be7 10. g4 0-0 11. h4 Nbd7 12. 0-0-0 Ne5 13. g5 Nh5 14. Rhg1 g6 15. f4 Nc4 16. Bxc4 bxc4 17. f5 e5 18. Nde2 Qa5 19. Kb1 Rfc8 20. Nd5 c3 21. Nxe7+ Kf8 22. Qxd6 1-0

[Event "Budapest FS02 FM-B"]
[Site "Budapest"]
[Date "2004.02.15"]
[Round "8"]
[White "Vegvari, Ferenc"]
[Black "Nagy, Laszlo"]
[Result "0-1"]
[WhiteElo "2067"]
[BlackElo "2079"]
[PlyCount "120"]
[EventDate "2004.02.07"]
[EventType "tourn"]
[EventRounds "11"]
[EventCountry "HUN"]
[SourceTitle "CBM 098 Extra"]
[Source "ChessBase"]
[SourceDate "2004.03.10"]
[SourceVersion "2"]
[SourceVersionDate "2004.03.10"]
[SourceQuality "1"]

1. e4 g6 2. d4 Bg7 3. Nc3 d6 4. f4 Nf6 5. h3 0-0 6. Nge2 c5 7. Be3 cxd4 8. Bxd4 Nc6 9. Be3 Qa5 10. Ng3 a6 11. Be2 b5 12. Bd2 b4 13. Nd5 Nxd5 14. exd5 Qxd5 15. Bf3 Qb5 16. a4 bxa3 17. Rxa3 Be6 18. f5 Bd5 19. Ne4 Nd4 20. Ra5 Nxf3+ 21. Qxf3 Bxe4 22. Qxe4 Qxb2 23. 0-0 Qd4+ 24. Qxd4 Bxd4+ 25. Kh1 Rfc8 26. fxg6 hxg6 27. Ra4 e5 28. c4 Rc6 29. Rf6 Kg7 30. Bg5 Be3 31. Bh4 g5 32. Rf3 gxh4 33. Rxe3 f5 34. Rd3 Rb8 35. c5 dxc5 36. Rd7+ Kg6 37. Rxh4 f4 38. Rdh7 Kf5 39. R4h5+ Ke6 40. R5h6+ Kd5 41. Rd7+ Kc4 42. Rxc6 a5 43. Rdc7 Rb5 44. Re6 Kd5 45. Rce7 a4 46. Rxe5+ Kc4 47. Re4+ Kb3 48. Rxf4 c4 49. Rf3+ Kb4 50. Ree3 Rc5 51. Rc3 Ra5 52. Ra3 Rc5 53. Rfc3 Rd5 54. h4 Rd1+ 55. Kh2 Rb1 56. h5 Rb3 57. Rxa4+ Kxc3 58. Rxc4+ Kxc4 59. g4 Kd5 60. h6 Ke6 0-1

[Event "Budapest FS02 FM-B"]
[Site "Budapest"]
[Date "2004.02.12"]
[Round "5"]
[White "Vegvari, Ferenc"]
[Black "Hoang, Tri"]
[Result "0-1"]
[WhiteElo "2067"]
[BlackElo "2048"]
[PlyCount "54"]
[EventDate "2004.02.07"]
[EventType "tourn"]
[EventRounds "11"]
[EventCountry "HUN"]
[SourceTitle "CBM 098 Extra"]
[Source "ChessBase"]
[SourceDate "2004.03.10"]
[SourceVersion "2"]
[SourceVersionDate "2004.03.10"]
[SourceQuality "1"]

1. d4 d5 2. Nf3 Nf6 3. Bf4 c5 4. e3 Qb6 5. Qc1 cxd4 6. exd4 Nc6 7. c3 Bg4 8. Nbd2 e6 9. Bd3 Be7 10. Be5 0-0 11. h3 Bh5 12. g4 Bg6 13. Qc2 Rac8 14. Bxg6 hxg6 15. Bxf6 Bxf6 16. Qb3 Qc7 17. g5 Be7 18. h4 e5 19. Qxd5 Rcd8 20. Qc4 exd4 21. cxd4 Qf4 22. h5 Nxd4 23. Kf1 Bxg5 24. Nxg5 Qxg5 25. Ne4 Qf4 26. Re1 Nf3 27. Rc1 Rd4 0-1

[Event "Budapest FS02 FM-B"]
[Site "Budapest"]
[Date "2004.02.10"]
[Round "3"]
[White "Vegvari, Ferenc"]
[Black "Hocevar, Nikola"]
[Result "1/2-1/2"]
[WhiteElo "2067"]
[BlackElo "2112"]
[PlyCount "27"]
[EventDate "2004.02.07"]
[EventType "tourn"]
[EventRounds "11"]
[EventCountry "HUN"]
[SourceTitle "CBM 098 Extra"]
[Source "ChessBase"]
[SourceDate "2004.03.10"]
[SourceVersion "2"]
[SourceVersionDate "2004.03.10"]
[SourceQuality "1"]

1. d4 d5 2. Nf3 Nf6 3. Bf4 e6 4. e3 c5 5. c3 Nc6 6. Bd3 Bd6 7. Bg3 0-0 8. Nbd2 Re8 9. Ne5 Bxe5 10. Bxe5 Nd7 11. f4 Nf8 12. dxc5 Nxe5 13. fxe5 Qg5 14. Qf3 1/2-1/2

[Event "Budapest FS11 FM-B"]
[Site "Budapest"]
[Date "2003.11.10"]
[Round "10"]
[White "Vegvari, Ferenc"]
[Black "Boros, Koppany"]
[Result "0-1"]
[WhiteElo "2084"]
[BlackElo "2022"]
[PlyCount "76"]
[EventDate "2003.11.01"]
[EventType "tourn"]
[EventRounds "13"]
[EventCountry "HUN"]
[SourceTitle "CBM 097 Extra"]
[Source "ChessBase"]
[SourceDate "2004.01.13"]
[SourceVersion "1"]
[SourceVersionDate "2004.01.13"]
[SourceQuality "1"]

1. d4 Nf6 2. Nf3 e6 3. Bf4 c5 4. e3 d5 5. c3 Nc6 6. Bd3 Be7 7. Nbd2 0-0 8. Bg3 b6 9. Bh4 Bb7 10. Ne5 Nxe5 11. dxe5 Ne4 12. Bxe7 Qxe7 13. h4 f5 14. f4 Nxd2 15. Qxd2 h5 16. 0-0-0 c4 17. Bc2 Qf7 18. Qf2 a5 19. Rh3 b5 20. Rg3 Kh7 21. Rg5 Rg8 22. g4 hxg4 23. Rxg4 b4 24. Rh1 b3 25. axb3 cxb3 26. Bb1 a4 27. Rg5 Rac8 28. Qe2 Kh6 29. h5 a3 30. Rg6+ Kh7 31. Qh2 a2 32. Bxa2 bxa2 33. Kd2 Ra8 34. Ra1 Rge8 35. Rg5 Bc6 36. b4 Bb5 37. Kc1 Bc4 38. h6 g6 0-1